000 00453nam a2200157 i 4500
001 29168
003 ES-MaACL
007 t|
008 030121s1887 fr ||||1| fre d
100 1 _aBardet, G.
_925585
245 1 0 _aFormulaire des nouveaux remèdes /
_cpar G. Bardet et E. Egasse.
260 _aParis :
_bOctave Doin,
_c1887 (
_fPaul Dupont)
300 _aIV, 352 p. :
_bil. ;
_c18 cm.
700 1 _aEgasse, E.
_946697
852 _aES-MaACL
_jG-15903
999 _c29168
_d29168